MARC

LEADER 00000nam0a2200000 4500
001 205559
005 20231101225304.0
010 |a 1856490203 
035 |a (RuTPU)RU\TPU\book\224028 
090 |a 205559 
100 |a 20111212d1991 k y0rusy50 ca 
101 0 |a eng 
102 |a US 
105 |a a z 001zy 
200 1 |a Radioactive Heaven and Earth. The Health and Environmental Effects of Nuclear Weapons Testing In, On, and Above the Earth  |f compiler A. Robbins, A. Makhijani , K. Yih 
210 |a New York  |c The Apex Press  |a London  |c Zed Books  |d 1991 
215 |a 193 p.  |c il. 
320 |a References: p. 179-193. 
606 1 |a Ядерное оружие  |2 stltpush  |3 (RuTPU)RU\TPU\subj\21586  |9 46548 
610 1 |a ядерные взрывы 
610 1 |a ядерные вооружения 
610 1 |a контроль 
610 1 |a последствия 
610 1 |a ядерные испытания 
610 1 |a радиационная безопасность 
610 1 |a радиация 
610 1 |a допустимые выбросы 
610 1 |a радиационное загрязнение 
610 1 |a окружающая природная среда 
610 1 |a радиационная экология 
610 1 |a распады 
610 1 |a дозы 
610 1 |a здоровье 
610 1 |a влияние на атмосферу 
610 1 |a космос 
610 1 |a Россия 
610 1 |a США 
610 1 |a Франция 
610 1 |a Китай 
610 1 |a международное сотрудничество 
610 1 |a международные договора 
610 1 |a международные документы 
610 1 |a английский язык 
675 |a 621.039  |v 3 
702 1 |a Robbins  |b A.  |g Anthony  |4 220 
702 1 |a Makhijani  |b A.  |g Arjum  |4 220 
702 1 |a Yih  |b K.  |g Katherine  |4 220 
801 1 |a RU  |b 63413507  |c 20111212 
801 2 |a RU  |b 63413507  |c 20111215  |g RCR 
942 |c BK